<?xml version="1.0" encoding="UTF-8"?>
<record
    xmlns:xsi="http://www.w3.org/2001/XMLSchema-instance"
    xsi:schemaLocation="http://www.loc.gov/MARC21/slim http://www.loc.gov/standards/marcxml/schema/MARC21slim.xsd"
    xmlns="http://www.loc.gov/MARC21/slim">

  <leader>01374nam a22002897a 4500</leader>
  <controlfield tag="005">20240821145832.0</controlfield>
  <controlfield tag="008">231202b           ||||| |||| 00| 0 eng d</controlfield>
  <datafield tag="040" ind1=" " ind2=" ">
    <subfield code="c">AL</subfield>
  </datafield>
  <datafield tag="041" ind1=" " ind2=" ">
    <subfield code="a">kan</subfield>
  </datafield>
  <datafield tag="082" ind1=" " ind2=" ">
    <subfield code="2">23</subfield>
    <subfield code="a">K494.9</subfield>
    <subfield code="b">UPAB</subfield>
  </datafield>
  <datafield tag="100" ind1=" " ind2=" ">
    <subfield code="a">Upadhyaya U P</subfield>
    <subfield code="9">177694</subfield>
  </datafield>
  <datafield tag="100" ind1=" " ind2=" ">
    <subfield code="a">&#xC89;&#xCAA;&#xCBE;&#xCA7;&#xCCD;&#xCAF;&#xCBE;&#xCAF; &#xCAF;&#xCC1; &#xCAA;&#xCBF; </subfield>
    <subfield code="9">177695</subfield>
  </datafield>
  <datafield tag="100" ind1=" " ind2=" ">
    <subfield code="d">Susheela P Upadhyaya: &#xCB8;&#xCC1;&#xCB6;&#xCC0;&#xCB2;&#xCBE; &#xCAA;&#xCBF; &#xC89;&#xCAA;&#xCBE;&#xCA7;&#xCCD;&#xCAF;&#xCBE;&#xCAF; </subfield>
    <subfield code="9">144001</subfield>
  </datafield>
  <datafield tag="245" ind1=" " ind2=" ">
    <subfield code="a">Bhashegala Adumbola Namma Karavali</subfield>
    <subfield code="b">&#xCAD;&#xCBE;&#xCB7;&#xCC6;&#xC97;&#xCB3; &#xC86;&#xCA1;&#xCC1;&#xC82;&#xCAC;&#xCCA;&#xCB2; &#xCA8;&#xCAE;&#xCCD;&#xCAE; &#xC95;&#xCB0;&#xCBE;&#xCB5;&#xCB3;&#xCBF; </subfield>
  </datafield>
  <datafield tag="260" ind1=" " ind2=" ">
    <subfield code="a">Mangalore</subfield>
    <subfield code="b">Prasaranga Mangalore University</subfield>
    <subfield code="c">2016</subfield>
  </datafield>
  <datafield tag="300" ind1=" " ind2=" ">
    <subfield code="a">x,144p.</subfield>
    <subfield code="b">PB</subfield>
    <subfield code="c">21x14cm.</subfield>
  </datafield>
  <datafield tag="365" ind1=" " ind2=" ">
    <subfield code="2">Kannada</subfield>
    <subfield code="a">063-65</subfield>
    <subfield code="b">75.00</subfield>
    <subfield code="c">&#x20B9;</subfield>
    <subfield code="d">150.00</subfield>
    <subfield code="e">50%</subfield>
    <subfield code="f">23-11-2023</subfield>
  </datafield>
  <datafield tag="650" ind1=" " ind2=" ">
    <subfield code="a">Languages: &#xCAD;&#xCBE;&#xCB7;&#xCC6;&#xC97;&#xCB3;&#xCC1; </subfield>
    <subfield code="9">144002</subfield>
  </datafield>
  <datafield tag="650" ind1=" " ind2=" ">
    <subfield code="a">Karalvali Kannada: &#xC95;&#xCB0;&#xCBE;&#xCB5;&#xCB3;&#xCBF; &#xC95;&#xCA8;&#xCCD;&#xCA8;&#xCA1; </subfield>
    <subfield code="9">144003</subfield>
  </datafield>
  <datafield tag="650" ind1=" " ind2=" ">
    <subfield code="a">Dravida Bhashe mattu Tulu: &#xCA6;&#xCCD;&#xCB0;&#xCBE;&#xCB5;&#xCBF;&#xCA1; &#xCAD;&#xCBE;&#xCB7;&#xCC6; &#xCAE;&#xCA4;&#xCCD;&#xCA4;&#xCC1; &#xCA4;&#xCC1;&#xCB3;&#xCC1; </subfield>
    <subfield code="9">144004</subfield>
  </datafield>
  <datafield tag="650" ind1=" " ind2=" ">
    <subfield code="a">Kodava Bhashe; &#xC95;&#xCCA;&#xCA1;&#xCB5; &#xCAD;&#xCBE;&#xCB7;&#xCC6; </subfield>
    <subfield code="9">144005</subfield>
  </datafield>
  <datafield tag="650" ind1=" " ind2=" ">
    <subfield code="a">Byari Bhashe: &#xCAC;&#xCCD;&#xCAF;&#xCBE;&#xCB0;&#xCBF; &#xCAD;&#xCBE;&#xCB7;&#xCC6; </subfield>
    <subfield code="9">144006</subfield>
  </datafield>
  <datafield tag="650" ind1=" " ind2=" ">
    <subfield code="a">Tulu Malayala: &#xCA4;&#xCC1;&#xCB3;&#xCC1; &#xCAE;&#xCB2;&#xCAF;&#xCBE;&#xCB3; </subfield>
    <subfield code="9">144007</subfield>
  </datafield>
  <datafield tag="700" ind1=" " ind2=" ">
    <subfield code="a">UPADHYAYA (U P): &#xC89;&#xCAA;&#xCBE;&#xCA7;&#xCCD;&#xCAF;&#xCBE;&#xCAF; &#xCAF;&#xCC1; &#xCAA;&#xCBF; </subfield>
    <subfield code="9">144008</subfield>
  </datafield>
  <datafield tag="700" ind1=" " ind2=" ">
    <subfield code="a">UPADHYAYA (Susheela P): &#xC89;&#xCAA;&#xCBE;&#xCA7;&#xCCD;&#xCAF;&#xCBE;&#xCAF; (&#xCB8;&#xCC1;&#xCB6;&#xCC0;&#xCB2;&#xCBE; &#xCAA;&#xCBF;)</subfield>
    <subfield code="9">144009</subfield>
  </datafield>
  <datafield tag="942" ind1=" " ind2=" ">
    <subfield code="2">ddc</subfield>
    <subfield code="c">BK</subfield>
  </datafield>
  <datafield tag="999" ind1=" " ind2=" ">
    <subfield code="c">229351</subfield>
    <subfield code="d">229351</subfield>
  </datafield>
  <datafield tag="952" ind1=" " ind2=" ">
    <subfield code="0">0</subfield>
    <subfield code="1">0</subfield>
    <subfield code="2">ddc</subfield>
    <subfield code="4">0</subfield>
    <subfield code="7">0</subfield>
    <subfield code="8">KAN</subfield>
    <subfield code="a">AL</subfield>
    <subfield code="b">AL</subfield>
    <subfield code="d">2023-11-24</subfield>
    <subfield code="e">Prasaranga Mangalore University</subfield>
    <subfield code="g">75.00</subfield>
    <subfield code="l">0</subfield>
    <subfield code="o">K494.9 UPAB</subfield>
    <subfield code="p">076956</subfield>
    <subfield code="r">2023-12-02 00:00:00</subfield>
    <subfield code="v">150.00</subfield>
    <subfield code="w">2023-12-02</subfield>
    <subfield code="y">BK</subfield>
  </datafield>
</record>
